00392nam a2200157Ia 4500008004100000020001500041082001500056100001900071245004200090250000600132260002500138300001000163500002500173650001400198700002200212230524s9999 xx 000 0 und d a8158938938 a621.8bGHO aAmitabha Ghosh 0a"Theory of Mechanisms and Machines, " a3 aNew DelhibEWPc2012 a630p; aQuantity Number: 10 aMechanics aAsok Kumar Mallik